000 00251nam a22001217a 4500
082 _a821
_bCHA/R
100 _aCHANDRAMATHY,C
245 _aTHE REMOTE CONTROL
260 _aRANCHI
_bWRITERS FORUM
300 _a47
650 _aPOEMS
_zINDIA
942 _cBK
999 _c3904
_d3904